MAASAI MARA UNIVERSITY

LIBRARY CATALOGUE

Contact Us: +254 020 2685356/7 or 0774 057787

Box: 861-20500, NAROK, KENYA

Email: info@mmarau.ac.ke

Making sustainability work : (Record no. 19334)

MARC details
000 -LEADER
fixed length control field 00995nam a22002537a 4500
003 - CONTROL NUMBER IDENTIFIER
control field OSt
005 - DATE AND TIME OF LATEST TRANSACTION
control field 20220620040355.0
008 - FIXED-LENGTH DATA ELEMENTS--GENERAL INFORMATION
fixed length control field
010 ## - LIBRARY OF CONGRESS CONTROL NUMBER
LC control number 2007038983
020 ## - INTERNATIONAL STANDARD BOOK NUMBER
International Standard Book Number 9781576754863 (hbk. : alk. paper)
020 ## - INTERNATIONAL STANDARD BOOK NUMBER
International Standard Book Number 1576754863 (hbk. : alk. paper)
040 ## - CATALOGING SOURCE
Original cataloging agency MMU
Transcribing agency MMU
Modifying agency MMU
Language of cataloging eng
050 00 - LIBRARY OF CONGRESS CALL NUMBER
Classification number HD60 .E67 2008
100 1# - MAIN ENTRY--PERSONAL NAME
Personal name Epstein, Marc J.
245 10 - TITLE STATEMENT
Title Making sustainability work :
Remainder of title best practices in managing and measuring corporate social, environmental and economic impacts /
Statement of responsibility, etc. Marc J. Epstein ; with forewords by John Elkington and Herman B. "Dutch" Leonard.
250 ## - EDITION STATEMENT
Edition statement 1st ed.
260 ## - PUBLICATION, DISTRIBUTION, ETC. (IMPRINT)
Place of publication, distribution, etc. Sheffield, UK : Greenleaf Pub. ;
-- San Francisco :
Name of publisher, distributor, etc. Berrett-Koehler Publishers,
Date of publication, distribution, etc. 2008.
300 ## - PHYSICAL DESCRIPTION
Extent 288 p. :
Other physical details ill. ;
Dimensions 25 cm.
500 ## - GENERAL NOTE
General note Includes bibliographical references (p. [270]-281) and index.
650 #0 - SUBJECT ADDED ENTRY--TOPICAL TERM
Topical term or geographic name as entry element Social responsibility of business.
650 #0 - SUBJECT ADDED ENTRY--TOPICAL TERM
Topical term or geographic name as entry element Corporations
General subdivision Environmental aspects.
650 #0 - SUBJECT ADDED ENTRY--TOPICAL TERM
Topical term or geographic name as entry element Industries
General subdivision Environmental aspects.
942 ## - ADDED ENTRY ELEMENTS (KOHA)
Source of classification or shelving scheme Library of Congress Classification
Koha item type L
Holdings
Withdrawn status Lost status Source of classification or shelving scheme Damaged status Not for loan Home library Current library Date acquired Source of acquisition Total Checkouts Full call number Barcode Date last seen Price effective from Koha item type
    Library of Congress Classification     Maasai Mara University Library -Main Campus Maasai Mara University Library -Main Campus 10/08/2016 Donation-T4C   HD60 .E67 2008 17020373 10/08/2016 10/08/2016 L
    Library of Congress Classification     Maasai Mara University Library -Main Campus Maasai Mara University Library -Main Campus 01/24/2017 Donation -T4C   HD60 .E67 2008 17020463 01/24/2017 01/24/2017 L
    Library of Congress Classification     Maasai Mara University Library -Main Campus Maasai Mara University Library -Main Campus 03/29/2017 Donation -T4C   HD60 .E67 2008 17029773 03/29/2017 03/29/2017 L
© 2016 Maasai Mara University.